Sitting in the Hot Seat Leaders and Teams for Critical Incident Management

Na minha lista:
Detalhes bibliográficos
Autor principal: Flin, Rhona
Formato: Livro
Idioma:inglês
Publicado em: Chichester John Wiley and Sons 1996
Edição:1. ed.
Assuntos:
Tags: Adicionar Tag
Sem tags, seja o primeiro a adicionar uma tag!

MARC

LEADER 00000nam a2200000 4500
001 c021720
005 20221205125627.9
020 |a 0-471-95796-8 
041 0 |a eng 
044 |a GB 
245 1 0 |a Sitting in the Hot Seat  |b Leaders and Teams for Critical Incident Management  |c Rhona Flin 
250 |a 1. ed. 
264 1 |a Chichester  |b John Wiley and Sons  |c 1996 
300 |a 258 s. 
610 2 0 |a manažéri 
610 2 0 |a manažment 
610 2 0 |a manažment krízový 
610 2 0 |a riaditelia 
610 2 0 |a vedenie 
610 2 0 |a pracovníci riadiaci 
610 2 0 |a pracovníci vedúci 
610 2 0 |a tímy pracovné 
610 2 0 |a stresy 
610 2 0 |a štúdie prípadové 
100 1 |a Flin, Rhona